Principy koncepce čs. důchodového zabezpečení

Uložené v:
Podrobná bibliografia
Hlavný autor: Biskup, Jiří
Ďalší autori: Klimentová, Jana, Tomeš, Igor
Médium: Kniha
Jazyk:Czech
Vydavateľské údaje: Praha Výzkumný ústav soc. rozv. a práce 1990
Vydanie:1. vyd.
Tagy: Pridať tag
Žiadne tagy, Buďte prvý, kto otaguje tento záznam!

MARC

LEADER 00000nam a2200000 4500
001 c025588
005 20221215120430.9
041 0 |a cze 
044 |a CZ 
245 1 0 |a Principy koncepce čs. důchodového zabezpečení  |c Jiří Biskup, Jana Klimentová, Igor Tomeš 
250 |a 1. vyd. 
264 1 |a Praha  |b Výzkumný ústav soc. rozv. a práce  |c 1990 
300 |a 95 s. 
100 1 |a Biskup, Jiří 
700 1 |a Klimentová, Jana 
700 1 |a Tomeš, Igor